[Event "Zaragoza Province-ch Primera"]
[Site "Zaragoza"]
[Date "2015.11.01"]
[Round "5"]
[White "Balaban, Adrian"]
[Black "Carrasquer Munoz, Alberto"]
[Result "0-1"]
[WhiteElo "1690"]
[BlackElo "1799"]
[PlyCount "84"]
[EventDate "2015.09.27"]
[EventType "swiss"]
[EventRounds "6"]
[EventCountry "ESP"]
[SourceTitle "CBM 170 Extra"]
[Source "ChessBase"]
[SourceDate "2016.02.25"]
[SourceVersion "1"]
[SourceVersionDate "2016.02.25"]
[SourceQuality "1"]

1. e4 c6 2. d4 d5 3. e5 Bf5 4. Nf3 e6 5. Bd3 Bxd3 6. Qxd3 Qa5+ 7. Bd2 Qa6 8. Qxa6 Nxa6 9. a3 c5 10. 0-0 cxd4 11. Nxd4 Rc8 12. Nc3 Nc5 13. b4 Nd7 14. f4 Rc4 15. Nce2 Ne7 16. Rac1 Nc6 17. c3 a6 18. a4 Be7 19. Nxc6 Rxc6 20. Nd4 Rc4 21. a5 0-0 22. Rfe1 g6 23. Kf1 Rfc8 24. Ke2 Nb8 25. Kd3 Nc6 26. Ne2 f6 27. Nd4 Nxd4 28. cxd4 Rxc1 29. Rxc1 Rxc1 30. Bxc1 Bxb4 31. Bd2 Bxd2 32. Kxd2 fxe5 33. fxe5 Kf7 34. Kc3 Ke7 35. Kb4 Kd7 36. Kc5 Kc7 37. g4 g5 38. h3 h6 39. Kb4 Kc6 40. Ka4 b6 41. Kb4 bxa5+ 42. Kxa5 Kb7 0-1

[Event "Zaragoza Province-ch Primera"]
[Site "Zaragoza"]
[Date "2015.09.27"]
[Round "1"]
[White "Balaban, Adrian"]
[Black "Miranda Herrera, Miguel"]
[Result "1-0"]
[WhiteElo "1690"]
[BlackElo "1318"]
[PlyCount "39"]
[EventDate "2015.09.27"]
[EventType "swiss"]
[EventRounds "6"]
[EventCountry "ESP"]
[SourceTitle "CBM 170 Extra"]
[Source "ChessBase"]
[SourceDate "2016.02.25"]
[SourceVersion "1"]
[SourceVersionDate "2016.02.25"]
[SourceQuality "1"]

1. e4 d6 2. d4 Nf6 3. Nc3 g6 4. Be3 Bg7 5. Qd2 Ng4 6. Bf4 0-0 7. h3 e5 8. hxg4 exf4 9. Qxf4 Nc6 10. Nf3 Qf6 11. Qh2 h6 12. g5 Qxf3 13. gxf3 Nxd4 14. 0-0-0 Nxf3 15. Qg2 Nxg5 16. Nd5 Ne6 17. f4 c6 18. Ne7+ Kh7 19. f5 Ng5 20. Qxg5 1-0